Stolný tenis Pokračujeme v predstavovaní úspešných športovcov nášho mesta

Bibliographic Details
Main Authors: R-r (Author), Hudecová, Edita (Author)
Format: Article
Language:Slovak
PhysicalDescription:1 foto
Subjects:

MARC

LEADER 00000nab a2200000 a 4500
001 vtls001000701
003 SK-MaSNL
005 20260303041104.0
008 040720e19950000xo 0 slo
035 |a RV1301 
040 |a RVGKPD  |b slo  |c RVGKPD  |e AACR2 
041 0 |a slo 
044 |a xo  |c SK 
080 |a 796.386  |2 1981 
100 0 |a R-r  |4 aut  |9 58444 
245 1 0 |a Stolný tenis  |b Pokračujeme v predstavovaní úspešných športovcov nášho mesta 
300 |b 1 foto 
650 0 7 |a stolný tenis  |2 RVGKPD  |9 25562 
651 7 |a Revúca (Slovensko)  |2 RVGKPD  |9 31503 
655 7 |a periodikum  |2 snkbucl  |9 29553 
700 1 0 |a Hudecová, Edita  |4 aut  |9 1025842 
773 0 8 |t Revúcke listy  |g Roč. 4, č.11 (1995), s. 7 
852 |a ZVYKNI  |b KIS3GCP 
999 |c 1685166  |d 1687096